| 000 | 00828cab a2200241 4500 | ||
|---|---|---|---|
| 001 | WB3333-31 | ||
| 008 | 090401t1997 xxu||||| |||| 00| 0 eng d | ||
| 035 | _a(Sirsi) u80582 | ||
| 041 | _aeng | ||
| 245 | _aTown houses worth billions | ||
| 260 | _c1997 | ||
| 350 | _a0 | ||
| 490 |
_aProperty Week _v60(10) 29 August 1997, 6(1) |
||
| 520 | _aCentral London residential development is worth around £2.7bn, with 40% of schemes bought or for sale overseas, according to a report from London Residential Research "Residential development in central and inner London". | ||
| 650 | _aCENTRAL LONDON | ||
| 650 | _aFOREIGN INVESTMENT | ||
| 650 | _aHOUSING DEVELOPMENT | ||
| 650 | _aLONDON RESIDENTIAL RESEARCH | ||
| 650 | _aRESIDENTIAL DEVELOPMENT | ||
| 690 | _aHOUSING-DEVELOPMENT | ||
| 942 | _n0 | ||
| 948 | _c29/08/1997 | ||
| 999 |
_c50725 _d50725 |
||